000 00301nam a22001337a 4500
008 181016b xxu||||| |||| 00| 0 eng d
020 _a9780963491206
041 _aeng
080 _a316
100 _a50
101 _aSOC
245 _aFeminist Chronicles 1953-1993
_cCarabillo,T
942 _2udc
_cBK
999 _c49859
_d49859